000 00416 a2200157 4500
003 OSt
005 20180116182823.0
008 170721b xxu||||| |||| 00| 0 eng d
020 _a9788178082998
040 _c0
082 _a005.74 MOL 2000
100 _aHedtor Garcia Molina
245 _aDatabase System Implementation
260 _aPerason Education Asia
_bNew Delhi
_c2000
942 _aNBS
_cBK
_k005.74 MOL
_2ddc
999 _c346592
_d346592